000 00934nam a2200289Ia 4500
001 Para_2221
003 CHAP
008 220125s1994 xx 000 0 und d
010 _a200804
040 _cCHAP
082 _aPA 634.0489 P4
100 _aPeterson, A. Brooke, ed.
_9165650
245 _aTree fruit nutrition :
_b a comprensive manual of deciduous tree fruit nutrient needs /
_c ed. by A. Brooke Peterson and Robert G. Stevens
260 _aYakima, Washington :
_b Good Fruit Grower
300 _a211 p.
650 _aArboles frutales
_x elementos minerales
_96673
650 _aArboles frutales
_x fertilizantes
_9165651
650 _aArboles frutales
_x nutrición
_9165652
700 _aStevens, Robert G.
_9165653
901 _aPA 634.0489 P4
902 _aA
905 _a0000001994 i 0000000000 00
910 _a1994
942 _cPARA
942 _cPARA
_d1
999 _c200804
_d200804